000 00656nam a2200277Ia 4500
005 20260324133846.0
008 008 260324s9999 xx 000 0 eng d
020 _a9781315190181
037 _aEBOOK
040 _aCRL
040 _beng
040 _cCRL
041 _2eng
041 _aeng
084 _qCRL
100 _aPaul Rhodes Eddy
_91194665
245 0 _aJohn Hick's Pluralist Philosophy of World Religions
260 _bTaylor and Francis
260 _c2002
365 _a
365 _b205
856 _uhttp://www.taylorfrancis.com/books/9781315190181
942 _cEBOOK
999 _c1794143
_d1794143